<?xml version="1.0" encoding="UTF-8"?>
<record
    xmlns:xsi="http://www.w3.org/2001/XMLSchema-instance"
    xsi:schemaLocation="http://www.loc.gov/MARC21/slim http://www.loc.gov/standards/marcxml/schema/MARC21slim.xsd"
    xmlns="http://www.loc.gov/MARC21/slim">

  <leader>02835cam a2200313 i 4500</leader>
  <controlfield tag="001">17621245</controlfield>
  <controlfield tag="003">EG-ScBUE</controlfield>
  <controlfield tag="005">20240923111803.0</controlfield>
  <controlfield tag="008">130211s2013    enka   f b   f001 0 eng d</controlfield>
  <datafield tag="020" ind1=" " ind2=" ">
    <subfield code="a">9781107004122 (hardback)</subfield>
  </datafield>
  <datafield tag="020" ind1=" " ind2=" ">
    <subfield code="a">1107004128 (hardback)</subfield>
  </datafield>
  <datafield tag="040" ind1=" " ind2=" ">
    <subfield code="a">DLC</subfield>
    <subfield code="b">eng</subfield>
    <subfield code="e">rda</subfield>
    <subfield code="c">DLC</subfield>
    <subfield code="d">DLC</subfield>
    <subfield code="d">EG-ScBUE</subfield>
  </datafield>
  <datafield tag="082" ind1="0" ind2="4">
    <subfield code="2">22</subfield>
    <subfield code="a">512.9434</subfield>
    <subfield code="b">COO</subfield>
  </datafield>
  <datafield tag="100" ind1="1" ind2=" ">
    <subfield code="a">Co, Tomas B.,</subfield>
    <subfield code="d">1959-</subfield>
    <subfield code="e">author.</subfield>
    <subfield code="9">40258</subfield>
  </datafield>
  <datafield tag="245" ind1="1" ind2="0">
    <subfield code="a">Methods of applied mathematics for engineers and scientists /</subfield>
    <subfield code="c">Tomas B. Co., Michigan Technological University.</subfield>
  </datafield>
  <datafield tag="264" ind1=" " ind2="1">
    <subfield code="a">Cambridge :</subfield>
    <subfield code="b">Cambridge University Press,</subfield>
    <subfield code="c">2013.</subfield>
  </datafield>
  <datafield tag="300" ind1=" " ind2=" ">
    <subfield code="a">1 volume (various pagings) :</subfield>
    <subfield code="b">illustrations ;</subfield>
    <subfield code="c">26 cm</subfield>
  </datafield>
  <datafield tag="336" ind1=" " ind2=" ">
    <subfield code="2">rdacontent</subfield>
    <subfield code="a">text</subfield>
    <subfield code="b">txt</subfield>
  </datafield>
  <datafield tag="337" ind1=" " ind2=" ">
    <subfield code="a">unmediated</subfield>
    <subfield code="2">rdamedia</subfield>
    <subfield code="b">n</subfield>
  </datafield>
  <datafield tag="338" ind1=" " ind2=" ">
    <subfield code="a">volume</subfield>
    <subfield code="b">nc</subfield>
    <subfield code="2">rdacarrier</subfield>
  </datafield>
  <datafield tag="504" ind1=" " ind2=" ">
    <subfield code="a">Includes bibliographical references and index.</subfield>
  </datafield>
  <datafield tag="505" ind1="8" ind2=" ">
    <subfield code="a">Machine generated contents note: 1. Matrix algebra; 2. Solution of multiple equations; 3. Matrix analysis; 4. Vectors and tensors; 5. Integral theorems; 6. Ordinary differential equations: analytical solutions; 7. Numerical solution of initial and boundary value problems; 8. Qualitative analysis of ordinary differential equations; 9. Series solutions of linear ordinary differential equations; 10. First order partial differential equations and the method of characteristics; 11. Linear partial differential equations; 12. Integral transform methods; 13. Finite difference methods; 14. Method of finite elements.</subfield>
  </datafield>
  <datafield tag="520" ind1=" " ind2=" ">
    <subfield code="a">"Based on course notes from over twenty years of teaching engineering and physical sciences at Michigan Technological University, Tomas Co's engineering mathematics textbook is rich with examples, applications, and exercises. Professor Co uses analytical approaches to solve smaller problems to provide mathematical insight and understanding, and numerical methods for large and complex problems. The book emphasizes applying matrices with strong attention to matrix structure and computational issues such as sparsity and efficiency. Chapters on vector calculus and integral theorems are used to build coordinate-free physical models with special emphasis on orthogonal coordinates. Chapters on ODEs and PDEs cover both analytical and numerical approaches. Topics on analytical solutions include similarity transform methods, direct formulas for series solutions, bifurcation analysis, Lagrange-Charpit formulas, shocks/rarefaction and others.  Topics on numerical methods include stability analysis, DAEs, high-order finite-difference formulas, Delaunay meshes, and others. MATLAB; implementations of the methods and concepts are fully integrated"--</subfield>
  </datafield>
  <datafield tag="650" ind1=" " ind2="7">
    <subfield code="a">Matrices.</subfield>
    <subfield code="2">BUEsh</subfield>
    <subfield code="9">7107</subfield>
  </datafield>
  <datafield tag="650" ind1=" " ind2="7">
    <subfield code="a">Differential equations</subfield>
    <subfield code="x">Numerical solutions.</subfield>
    <subfield code="2">BUEsh</subfield>
    <subfield code="9">36429</subfield>
  </datafield>
  <datafield tag="653" ind1=" " ind2=" ">
    <subfield code="b">ENGGEN</subfield>
    <subfield code="c">June2016</subfield>
  </datafield>
  <datafield tag="655" ind1=" " ind2=" ">
    <subfield code="v">Reading book</subfield>
  </datafield>
  <datafield tag="942" ind1=" " ind2=" ">
    <subfield code="2">ddc</subfield>
    <subfield code="c">BB</subfield>
  </datafield>
  <datafield tag="999" ind1=" " ind2=" ">
    <subfield code="c">21924</subfield>
    <subfield code="d">21896</subfield>
  </datafield>
  <datafield tag="952" ind1=" " ind2=" ">
    <subfield code="0">0</subfield>
    <subfield code="1">0</subfield>
    <subfield code="2">ddc</subfield>
    <subfield code="4">0</subfield>
    <subfield code="7">0</subfield>
    <subfield code="8">Baccah</subfield>
    <subfield code="a">MAIN</subfield>
    <subfield code="b">MAIN</subfield>
    <subfield code="c">1ST</subfield>
    <subfield code="d">2016-06-20</subfield>
    <subfield code="e">Purchase</subfield>
    <subfield code="g">1050.00</subfield>
    <subfield code="h">25845</subfield>
    <subfield code="l">0</subfield>
    <subfield code="o">512.9434 COO</subfield>
    <subfield code="p">000032696</subfield>
    <subfield code="r">2025-07-15 00:00:00</subfield>
    <subfield code="v">1312.50</subfield>
    <subfield code="y">BB</subfield>
  </datafield>
</record>
